| 000 | 00525nam a22001937a 4500 | ||
|---|---|---|---|
| 003 | OSt | ||
| 005 | 20260601193900.0 | ||
| 008 | 260507b1984 mx |||| |||| 00| 0 spa d | ||
| 020 | _a9688370495 | ||
| 040 |
_aICI _bspa _cICI |
||
| 041 | _aspa | ||
| 050 |
_aN6493 _bA24 |
||
| 100 | 1 |
_aAcha, Juan, _d1916-1995, _eautor |
|
| 245 | 1 |
_aEl arte y su distribucion / _cJuan Acha |
|
| 264 |
_aMéxico : _bUNAM, Coordinacion de Humanidades, _c1984 |
||
| 300 | _a346 páginas | ||
| 650 |
_aArtes decorativas _91921 |
||
| 942 |
_2lcc _cB _n1 |
||
| 999 |
_c22217 _d22217 |
||